000 01336nam a2200289 a 4500
001 00157
003 DO-SdBNP
005 20180314080940.0
007 00157
008 150130s2008 dr ac 000 0 spa d
040 _aBPMSU
_bspa
_cBPMSU
092 _a372.7
_bM425g 6to. 2008
245 0 0 _aMatemática 6 :
_bguías para el aprendizaje /
_cMargarita Luciano...[et al.]
260 _aSanto Domingo :
_bSecretaría de Estado de Educación,
_c2008
300 _a 248 p. :
_bil., retrs. ;
_c28 cm.
490 1 _aEscuela multigrado innovada
500 _aEducación básica.
500 _aLa biblioteca solamente posee los volumenes 5 y 6.
505 1 _tUnidad 1 -- Exploramos los números y operamos con ellos --
_tUnidad 2 -- Realizamos operaciones con las fracciones --
_tUnidad 3 -- Resolvemos problemas con números decimales --
_tUnidad 4 -- Construimos y exploramos polígonos regulares e irregulares --
_tUnidad 5 -- Paso a paso: de la pulgada al pie llegamos a la yarda --
_tUnidad 6 -- Utilizamos tablas y gráficas para resolver problemas --
700 1 2 _aLuciano, Margarita
830 0 _aEscuela multigrado innovada
910 _aValidado. Control de calidad MFF
942 _2ddc
_cBK
945 _aInventariado / 2018 VM
956 _aVMATEO
_b10
_c20150721
_lBMPSU
_h00151
956 _aBTAVÁREZ
_b10
_c20160407
_l157
999 _c7982
_d7982